| 000 | 02127cam a2200409 a 4500 | ||
|---|---|---|---|
| 999 |
_c330653 _d330653 |
||
| 001 | 16117620 | ||
| 003 | NUST | ||
| 005 | 20170727134116.0 | ||
| 008 | 100303s2010 pk 000 0durd | ||
| 010 | _a 2010341475 | ||
| 020 | _a9789695680315 | ||
| 025 | _aP-U-2010341475; 14 | ||
| 037 |
_bLibrary of Congress -- Islamabad Overseas Office _cRs 350 |
||
| 040 |
_aDLC _cDLC _dDLC |
||
| 042 |
_alcode _apcc |
||
| 050 | 0 | 0 |
_aPK2199.A914 _bA6 2010 |
| 066 |
_c(3 _c(4 |
||
| 082 |
_a809.8 _bAZA |
||
| 100 | 1 |
_6880-01 _aĀzād, Muḥammad Ḥusain, _dapproximately 1834-1910. _93614 |
|
| 240 | 1 | 0 |
_aWorks. _kSelections. _f2010 |
| 245 | 1 | 0 |
_6880-02 _aNigāristān-i Āzād / _cMuḥammad Ḥusain Āzād ; taʻāruf va intik̲h̲āb, Aslam Farruk̲h̲ī. |
| 246 | 1 |
_iTitle on t.p. verso: _aNigaristan-e-Azad : _bMuhammad Hussain Azad |
|
| 260 |
_6880-03 _aKarāchī : _bShahrzād, _c2010. |
||
| 300 |
_a388 p. ; _c22 cm. |
||
| 500 |
_6880-04 _a"Muḥammad Ḥussain Āzād kī numāʼindah taḥrīron̲ kā intik̲h̲āb"--Cover. |
||
| 520 | _aSelected writings and critical study of Muḥammad Ḥussain Āzād, ca. 1834-1910, an eminent Urdu writer. | ||
| 546 | _aIn Urdu. | ||
| 600 | 1 | 0 |
_6880-05 _aĀzād, Muḥammad Ḥusain, _dapproximately 1834-1910 _xCriticism and interpretation. _93615 |
| 700 | 1 |
_6880-06 _aFarruk̲h̲ī, Aslam, _d1924-2016. _93616 |
|
| 880 | 1 |
_6100-01/(3/r _aآزاد، محمّد حسين، _dapproximately 1834-1910. |
|
| 880 | 1 | 0 |
_6245-02/(3/r _aنگارستان آزاد / _cمحمّد حسّين آزاد ؛ تعارف و انتخاب، اسلم فرّخى. |
| 880 |
_6260-03/(4/r _aکراچى : _bشهرزاد، _c2010. |
||
| 880 |
_6500-04/(3/r _a"محمّد حسّين آزاد کى نمائنده تحريروں کا انتخاب"--Cover. |
||
| 880 | 1 | 4 |
_6600-05/(3/r _aآزاد، محمّد حسين، _dca. 1834-1910 _xCriticism and interpretation. |
| 880 | 1 |
_6700-06/(3/r _aفرّخى، اسلم، _d1924-2016. |
|
| 906 |
_a7 _bcbc _corigode _d3 _encip _f20 _gy-nonroman |
||
| 942 |
_2ddc _cBK |
||